[Event "LTU-ch sf"]
[Site "Vilnius"]
[Date "2023.04.12"]
[Round "3"]
[White "Narmontas, Raimondas"]
[Black "Mickunaite, Agne"]
[Result "1-0"]
[WhiteElo "1936"]
[BlackElo "1566"]
[PlyCount "83"]
[EventDate "2023.04.11"]
[EventType "swiss"]
[EventRounds "9"]
[EventCountry "LTU"]
[SourceTitle "CBM 213 Extra"]
[Source "ChessBase"]
[SourceDate "2023.05.31"]
[SourceVersion "1"]
[SourceVersionDate "2023.05.31"]
[SourceQuality "1"]

1. e4 c5 2. Nc3 d6 3. d4 cxd4 4. Qxd4 Nc6 5. Qd2 g6 6. b3 Nf6 7. Bb2 Bg7 8. 0-0-0 h5 9. Kb1 a6 10. f3 0-0 11. h4 Ne5 12. Nge2 Qc7 13. Nd4 b5 14. Be2 Bd7 15. Rdg1 Qc8 16. f4 Bh6 17. Rf1 Neg4 18. Bxg4 Bxg4 19. Qe1 Qc5 20. e5 dxe5 21. fxe5 Nd5 22. Ne4 Qc7 23. Ng5 b4 24. e6 f6 25. Qe4 Nc3+ 26. Bxc3 f5 27. Qc6 Qxc6 28. Nxc6 bxc3 29. Nxe7+ Kg7 30. Nd5 Rac8 31. Rf4 Rfe8 32. Re1 Rc5 33. Rd4 Rc6 34. Nf4 Bxg5 35. hxg5 Rc7 36. a3 h4 37. Re3 Rce7 38. Ka2 Bh5 39. b4 a5 40. Kb3 axb4 41. axb4 Ra7 42. Rd7+ 1-0

[Event "Plunge op-A 41st"]
[Site "Plateliai"]
[Date "2022.07.19"]
[Round "3"]
[White "Narmontas, Raimondas"]
[Black "Stremavicius, Pijus"]
[Result "0-1"]
[WhiteElo "1936"]
[BlackElo "2355"]
[PlyCount "97"]
[EventDate "2022.07.18"]
[EventType "swiss"]
[EventRounds "9"]
[EventCountry "LTU"]
[SourceTitle "CBM 209 Extra"]
[Source "ChessBase"]
[SourceDate "2022.09.30"]
[SourceVersion "1"]
[SourceVersionDate "2022.09.30"]
[SourceQuality "1"]

1. e4 c6 2. d4 d5 3. f3 g6 4. Be3 Bg7 5. Nc3 dxe4 6. fxe4 e5 7. dxe5 Qxd1+ 8. Rxd1 Be6 9. Nf3 Nd7 10. Bf4 h6 11. h3 Ne7 12. Nd4 g5 13. Nxe6 fxe6 14. Bg3 Bxe5 15. Bxe5 Nxe5 16. Rd6 Kf7 17. Be2 N7g6 18. Na4 Ke7 19. Rd1 b6 20. g3 h5 21. Kd2 h4 22. Rdg1 Rag8 23. gxh4 Rxh4 24. Rxg5 Rxe4 25. Nc3 Rd8+ 26. Kc1 Rh4 27. Rf1 Rdh8 28. Bf3 Rf8 29. Bg2 Rxf1+ 30. Bxf1 Kf6 31. Rg3 Nf4 32. Ne4+ Kf7 33. Nd6+ Ke7 34. Ne4 Nxh3 35. Rg7+ Nf7 36. Bd3 Kf8 37. Rg3 Nf4 38. Ng5 Ne5 39. Kd2 Rh2+ 40. Ke3 Nexd3 41. cxd3 Nd5+ 42. Kd4 Rxb2 43. Rf3+ Ke8 44. Ke5 Rg2 45. Nxe6 Ke7 46. Nd4 Rg5+ 47. Nf5+ Kd7 48. Rh3 Ne7 49. Kd4 0-1

[Event "LTU-ch sf"]
[Site "Vilnius"]
[Date "2022.04.13"]
[Round "9"]
[White "Narmontas, Raimondas"]
[Black "Perminaite, Simona"]
[Result "1-0"]
[WhiteElo "1953"]
[BlackElo "1466"]
[PlyCount "77"]
[EventDate "2022.04.08"]
[EventType "swiss"]
[EventRounds "9"]
[EventCountry "LTU"]
[SourceTitle "CBM 207 Extra"]
[Source "ChessBase"]
[SourceDate "2022.05.31"]
[SourceVersion "1"]
[SourceVersionDate "2022.05.31"]
[SourceQuality "1"]

1. e4 d6 2. d4 Nf6 3. Nc3 g6 4. g3 Bg7 5. Bg2 0-0 6. Nge2 e5 7. h3 c6 8. 0-0 b5 9. a3 a6 10. Bg5 Qc7 11. Qd2 Nbd7 12. Bh6 Re8 13. Bxg7 Kxg7 14. g4 h5 15. g5 Nh7 16. f4 Nb6 17. b3 Qe7 18. h4 f6 19. dxe5 dxe5 20. Rf2 fxg5 21. hxg5 Rb8 22. Raf1 Bd7 23. f5 Qxg5 24. Qd6 Qf6 25. Qd3 g5 26. Ng3 Qf7 27. Qe3 h4 28. f6+ Kh8 29. Nf5 Bxf5 30. Rxf5 Nd7 31. Qa7 Rg8 32. Qxa6 g4 33. Rd1 Ng5 34. Qxc6 Nf3+ 35. Kh1 Nd4 36. Qd5 Rgf8 37. Rxd4 exd4 38. Rh5+ Qxh5 39. Qxh5+ 1-0

[Event "LTU-ch sf"]
[Site "Vilnius"]
[Date "2022.04.09"]
[Round "3"]
[White "Narmontas, Raimondas"]
[Black "Juknis, Paulius"]
[Result "0-1"]
[WhiteElo "1953"]
[BlackElo "2169"]
[PlyCount "64"]
[EventDate "2022.04.08"]
[EventType "swiss"]
[EventRounds "9"]
[EventCountry "LTU"]
[SourceTitle "CBM 207 Extra"]
[Source "ChessBase"]
[SourceDate "2022.05.31"]
[SourceVersion "1"]
[SourceVersionDate "2022.05.31"]
[SourceQuality "1"]

1. e4 c5 2. Nc3 Nc6 3. Bb5 Nd4 4. Bc4 e6 5. d3 Nf6 6. Nge2 a6 7. 0-0 b5 8. Bb3 Nc6 9. Qe1 Be7 10. a4 b4 11. Nd1 Na5 12. Ba2 d5 13. e5 Nd7 14. f4 g6 15. Qg3 Bb7 16. Bd2 Qb6 17. Kh1 0-0-0 18. Qe1 Kb8 19. c3 d4 20. Nf2 Nc6 21. Bc4 g5 22. Ng3 gxf4 23. Bxf4 Ka8 24. a5 Nxa5 25. Nfe4 Nxc4 26. dxc4 Qc6 27. Rf3 h5 28. Ng5 h4 29. Nxf7 hxg3 30. Nxd8 Rxh2+ 31. Kg1 Rxg2+ 32. Kf1 Qxf3+ 0-1

[Event "LTU-ch sf"]
[Site "Kaunas"]
[Date "2021.09.26"]
[Round "4"]
[White "Narmontas, Raimondas"]
[Black "Povilaitis, Tomas"]
[Result "0-1"]
[WhiteElo "1983"]
[BlackElo "1973"]
[PlyCount "116"]
[EventDate "2021.09.24"]
[EventType "swiss"]
[EventRounds "8"]
[EventCountry "LTU"]
[SourceTitle "EXT 2023"]
[Source "ChessBase"]
[SourceDate "2022.10.05"]
[SourceVersion "1"]
[SourceVersionDate "2022.10.05"]
[SourceQuality "1"]

1. e4 c5 2. d4 cxd4 3. Qxd4 Nc6 4. Qd2 g6 5. Nc3 Bg7 6. b3 Nf6 7. f3 d5 8. Bb2 d4 9. Nb5 0-0 10. 0-0-0 e5 11. Ba3 Re8 12. Nd6 Bf8 13. Nc4 Bg7 14. Kb1 a6 15. Nd6 Re6 16. Nxc8 Rxc8 17. h4 Qa5 18. Kb2 b5 19. Qxa5 Nxa5 20. Bd3 Rec6 21. Bb4 Nb7 22. g4 Nd7 23. Rh2 Ndc5 24. Bxc5 Nxc5 25. Nh3 Bf8 26. a3 Be7 27. g5 f5 28. Nf2 Rf8 29. Rh3 Bd6 30. h5 Rc7 31. Rdh1 Rg7 32. exf5 gxf5 33. g6 hxg6 34. hxg6 Nxd3+ 35. Nxd3 Rxg6 36. Rh8+ Kf7 37. R8h7+ Rg7 38. R7h6 Rg6 39. Rh7+ Ke6 40. Re1 Kd5 41. Rd7 Kc6 42. Re7 Rff6 43. R1xe5 Bxe7 44. Rxe7 Rh6 45. b4 Re6 46. Rf7 Rhf6 47. Rg7 f4 48. Nc5 Re3 49. Ra7 Kd5 50. Rd7+ Ke5 51. Re7+ Kf5 52. Ne4 Rf8 53. Rd7 Rxe4 54. fxe4+ Kxe4 55. Re7+ Kf3 56. Kc1 Rg8 57. Kd2 Kg3 58. Ke1 Kg2 0-1

[Event "Plunge op 40th"]
[Site "Plateliai"]
[Date "2020.07.19"]
[Round "9"]
[White "Narmontas, Raimondas"]
[Black "Indriunas, Matas"]
[Result "0-1"]
[WhiteElo "2004"]
[BlackElo "2199"]
[PlyCount "118"]
[EventDate "2020.07.13"]
[EventType "swiss"]
[EventRounds "9"]
[EventCountry "LTU"]
[SourceTitle "CBM 197 Extra"]
[Source "ChessBase"]
[SourceDate "2020.09.30"]
[SourceVersion "1"]
[SourceVersionDate "2020.09.30"]
[SourceQuality "1"]

1. d4 Nf6 2. Bg5 d6 3. Bxf6 gxf6 4. Nc3 e5 5. e3 Bg7 6. Nge2 c6 7. Ng3 Be6 8. Qf3 Nd7 9. 0-0-0 d5 10. Nf5 Bxf5 11. Qxf5 Qe7 12. e4 exd4 13. Rxd4 Qe5 14. Rb4 Qxf5 15. exf5 0-0-0 16. Rh4 Rde8 17. Bd3 Bf8 18. g3 Nc5 19. Kd2 Kc7 20. Re1 Re5 21. Rh5 Kd6 22. Bf1 d4 23. Nd1 Rxe1 24. Kxe1 Nd7 25. f4 Bg7 26. Bc4 Ke7 27. Nf2 b5 28. Be2 Nc5 29. Kd2 h6 30. Bf3 Kd6 31. b4 Nd7 32. Ne4+ Kc7 33. Kd3 Nb6 34. Kxd4 Nd5 35. Nc5 Nxb4 36. Kc3 Nd5+ 37. Bxd5 cxd5 38. g4 Kd6 39. Nd3 Rc8+ 40. Kd2 d4 41. Rh3 Kd5 42. Rg3 Ke4 43. h4 Bf8 44. Rg1 Bd6 45. Rf1 Rg8 46. Ke2 a5 47. h5 b4 48. Rf3 Kd5 49. Rh3 Rxg4 50. Kf3 Rg1 51. Nf2 Rc1 52. Ng4 Rxc2 53. Nxf6+ Kc4 54. Ne4 Bf8 55. Rg3 b3 56. axb3+ Kxb3 57. Rg8 Bb4 58. Rh8 Rc6 59. f6 a4 0-1

[Event "Plunge op 40th"]
[Site "Plateliai"]
[Date "2020.07.17"]
[Round "7"]
[White "Narmontas, Raimondas"]
[Black "Pultinevicius, Paulius"]
[Result "0-1"]
[WhiteElo "2004"]
[BlackElo "2512"]
[PlyCount "68"]
[EventDate "2020.07.13"]
[EventType "swiss"]
[EventRounds "9"]
[EventCountry "LTU"]
[SourceTitle "CBM 197 Extra"]
[Source "ChessBase"]
[SourceDate "2020.09.30"]
[SourceVersion "1"]
[SourceVersionDate "2020.09.30"]
[SourceQuality "1"]

1. d4 Nf6 2. c4 e6 3. Nf3 d5 4. Nc3 c6 5. cxd5 exd5 6. Bf4 Nbd7 7. e3 Nh5 8. Bg3 Nxg3 9. hxg3 Bd6 10. Bd3 Qe7 11. Qc2 Nf6 12. 0-0-0 Be6 13. Kb1 0-0-0 14. Nb5 Bb8 15. Ne5 Bxe5 16. dxe5 Ng4 17. Nxa7+ Kb8 18. Nxc6+ bxc6 19. Qxc6 Nxf2 20. Ba6 Nxd1 21. Qb6+ Ka8 22. Rxd1 Rb8 23. Qa5 Qa7 24. Rd4 Rb6 25. Ra4 Rxa6 26. Qxa6 Qxa6 27. Rxa6+ Kb7 28. Ra5 Bf5+ 29. Ka1 Rc8 30. a4 Rc1+ 31. Ka2 Re1 32. Rb5+ Ka6 33. b4 Bd7 34. Ra5+ Kb7 0-1

[Event "Plunge op 40th"]
[Site "Plateliai"]
[Date "2020.07.14"]
[Round "2"]
[White "Laurusas, Tomas"]
[Black "Narmontas, Raimondas"]
[Result "1-0"]
[WhiteElo "2511"]
[BlackElo "2004"]
[PlyCount "115"]
[EventDate "2020.07.13"]
[EventType "swiss"]
[EventRounds "9"]
[EventCountry "LTU"]
[SourceTitle "CBM 197 Extra"]
[Source "ChessBase"]
[SourceDate "2020.09.30"]
[SourceVersion "1"]
[SourceVersionDate "2020.09.30"]
[SourceQuality "1"]

1. d4 d5 2. Nf3 Nf6 3. c4 c6 4. Nbd2 Bf5 5. Nh4 Be6 6. e3 g6 7. b4 Bg7 8. Be2 0-0 9. 0-0 a5 10. b5 dxc4 11. bxc6 Nxc6 12. Nxc4 b5 13. Nd2 Nxd4 14. Bb2 Nxe2+ 15. Qxe2 Qd7 16. Rfd1 Qb7 17. e4 Rac8 18. e5 Ng4 19. Nb3 Qa7 20. Bd4 Qb8 21. f4 Nh6 22. Nxa5 Nf5 23. Nxf5 Bxf5 24. Rd2 Rfd8 25. Rad1 Bh6 26. Be3 Rxd2 27. Rxd2 Bxf4 28. Bxf4 Qb6+ 29. Be3 Qxa5 30. h3 Kg7 31. Kh2 Be6 32. Bg5 Bc4 33. Qe3 Qc7 34. Qf4 h5 35. a3 Be6 36. Re2 Qd7 37. Qb4 Re8 38. Rd2 Bd5 39. Bh4 e6 40. Qf4 Rc8 41. Qf6+ Kh7 42. Bg5 Qe8 43. Rf2 Rc7 44. g4 hxg4 45. hxg4 Qh8 46. Kg3 Rc3+ 47. Kf4 Rh3 48. Qxh8+ Kxh8 49. Bf6+ Kg8 50. Rb2 Kf8 51. Rxb5 Ke8 52. Ra5 Rf3+ 53. Kg5 Rg3 54. Ra7 Rc3 55. Re7+ Kf8 56. Rd7 Rc8 57. Be7+ Kg7 58. a4 1-0

[Event "LTU-chT Rapid"]
[Site "Panevezys"]
[Date "2019.11.23"]
[Round "1.5"]
[White "Narmontas, Raimondas"]
[Black "Vaznonis, Vytautas"]
[Result "1/2-1/2"]
[WhiteElo "1922"]
[BlackElo "2278"]
[PlyCount "76"]
[EventDate "2019.11.23"]
[EventType "team-swiss (rapid)"]
[EventRounds "8"]
[EventCountry "LTU"]
[SourceTitle "EXT 2023"]
[Source "ChessBase"]
[SourceDate "2022.10.05"]
[SourceVersion "1"]
[SourceVersionDate "2022.10.05"]
[SourceQuality "1"]

1. e4 e6 2. d4 d5 3. Nc3 Nf6 4. e5 Nfd7 5. f4 c5 6. dxc5 Bxc5 7. Qg4 0-0 8. Nf3 f5 9. Qh3 Nc6 10. Ng5 h6 11. Nxe6 Qb6 12. Nxf8 Bf2+ 13. Kd1 Nxf8 14. Bd3 Ne7 15. Rf1 Bd4 16. Ne2 Bc5 17. c3 a5 18. Nd4 Bxd4 19. cxd4 Qxd4 20. Qe3 Qb4 21. a3 Qa4+ 22. Bc2 Qc6 23. Bd2 d4 24. Qxd4 Qxg2 25. Qf2 Qd5 26. Qf3 Qd4 27. Qc3 Qd8 28. Bb3+ Be6 29. Rc1 Qb6 30. Bxe6+ Nxe6 31. Rc2 Kh8 32. Kc1 Nd4 33. Be3 Qa6 34. Qxd4 Qxf1+ 35. Qd1 Qb5 36. Kb1 Nd5 37. Qd4 Nxe3 38. Qxe3 Rd8 1/2-1/2

[Event "LTU-ch Rapid op"]
[Site "Taujenai"]
[Date "2019.10.20"]
[Round "8.10"]
[White "Narmontas, Raimondas"]
[Black "Stremavicius, Pijus"]
[Result "0-1"]
[WhiteElo "1931"]
[BlackElo "2135"]
[PlyCount "66"]
[EventDate "2019.10.19"]
[EventType "swiss (rapid)"]
[EventRounds "11"]
[EventCountry "LTU"]
[SourceTitle "EXT 2023"]
[Source "ChessBase"]
[SourceDate "2022.10.05"]
[SourceVersion "1"]
[SourceVersionDate "2022.10.05"]
[SourceQuality "1"]

1. e4 c5 2. Nc3 e6 3. d4 cxd4 4. Qxd4 Nc6 5. Qd2 Nf6 6. b3 Bb4 7. f3 d5 8. a3 Bxc3 9. Qxc3 dxe4 10. fxe4 e5 11. Bd3 Nxe4 12. Qc4 Nd6 13. Qc5 Qh4+ 14. g3 Qd4 15. Qxd4 Nxd4 16. Bb2 Nc6 17. 0-0-0 f6 18. h3 Be6 19. Bxh7 Rxh7 20. Rxd6 Ke7 21. Rd2 Rah8 22. h4 g5 23. Nf3 e4 24. Nd4 gxh4 25. Nxe6 Kxe6 26. Rf1 Rf8 27. Re2 hxg3 28. Rxe4+ Ne5 29. Bxe5 g2 30. Bg3+ Kd5 31. Rg1 Kxe4 32. Rxg2 Kf3 33. Rg1 Rg8 0-1